000 01354njm a22002897a 4500
005 20100901115333.0
006 a|||||r|||||00| 0
007 sd ammalaaahaa
008 100901t xxu||||| |||| 00| 0 eng d
028 _a7EPE 7054
_bHis Master's Voice
035 _aGR-02360
040 _aSED
_cSED
100 _aKishore Kumar
_917891
245 _aKora Kagaz /
_cby Kishore Kumar ; music by Kalyanji Anandji ; lyrices by M.G. Hashmat
_h[Sound recording]
246 _aकोरा कागज़ / किशोरे कुमार
260 _aDUM DUM, India
_bHis Master's Voice
_c1974
300 _a1 Sound disc [Gramophone Recording] :
_banalog, 33 1/3 rpm
_c7 in. (SP)
_fGramophone Record
500 _aBrief record
500 _aRecord Labels : His Master's Voice, Red
505 _aSide-1 मेरा जीवन कोरा कागज कोरा ही रह गया (mera jivan kora kagaj kora hi rah gaya ) (Lata Mangeshkar)--Side -2 पढने में नहीं लागे दिल ( Padhne men nahin laage dil) (Lata Mangeshkar)
600 _aKishore Kumar
_91184
650 _aClassical music
_xExcerpts
_zIndia
_917892
700 _aKalyanji Anandji
_919858
700 _aHashmat, M.G.
_919099
942 _2ddc
_cGR
999 _c45568
_d45568